000 00380nam a2200109Ia 4500
008 171211s9999 xx 000 0 und d
245 _aStrategic Management: Formulation, Implementation, and Control in a Dynamic Environment
245 _cAbbass Alkhafaji and Richard Alan Nelson
260 _c2003
650 _xBUSINESS
856 _uhttp://down.ebook777.com/062/9780789018090.pdf
999 _c349482
_d349482